Statistics for The Office Triva (challenging)

Click here to take the quiz!

General Stats

  • This quiz has been taken 427 times
    (419 since last reset)
  • The average score is 11 of 15

Answer Stats

Hint Answer % Correct
Who's car does Micheal hit with a watermeon?Stanley
92%
What disease does Micheal start a fun run for?Rabies
91%
What is the name of Micheal's movie?Threat Level Midnight
88%
Micheal's friend and Dunder Mifflin traveling salesmanTodd Packer
87%
One time president of Sabre, played by James SpaderRobert California
85%
What is Deangelo's last name?Vickers
77%
What Dundie award does Ryan always win?Hottest in the office
76%
What is the name of Andy's College acapella group?Here Comes Treble
75%
What is the name of the paper company Micheal and Dwight steal leads from?Prince Family Paper
74%
Where does Micheal move to?Boulder Colorado
73%
Name of Dunder Mifflin's WebsiteDunder Mifflin Infinity
62%
What kind of car does Micheal drive in the first 4 seasons of the office?Chrysler Sebring
57%
What movie does Micheal have the office watch on movie monday?Varsity Blues
55%
What does Micheal call the office secret Santa?Yankee Swap
43%
What was Micheal's orintation day video called?Lazy Scranton
41%

Score Distribution

Percentile by Number Answered

Percent of People with Each Score

Your Score History

You have not taken this quiz since the last reset